Cultura diaguita

-д хадгалсан:
Номзүйн дэлгэрэнгүй
Үндсэн зохиолч: Ampuero Brito, Gonzalo (Зохиогч)
Формат: Ном
Хэл сонгох:испани
Хэвлэсэн: Santiago Ministerio de Educación 1978
Цуврал:Serie Patrimonio Cultural Chileno. Colección de Culturas Aborigenes
Нөхцлүүд:
Шошгууд: Шошго нэмэх
Шошго байхгүй, Энэхүү баримтыг шошголох эхний хүн болох!

MARC

LEADER 00000nam a2200000 a 4500
001 UCP5344
003 CL-VaPUC
008 990903e19780000CL |||||||||||||||||spa|d
082 0 4 |a 709.983  |b AMP  |2 21 
100 0 |a Ampuero Brito, Gonzalo  |e author  |9 433687 
245 1 0 |a Cultura diaguita 
300 |a 53 p 
942 |c BK 
945 |d 19990903 00:00:00  |a lriquelm 
260 |a Santiago  |b Ministerio de Educación  |c 1978 
650 7 |a DIAGUITAS  |2 CL-VaPUC  |9 265534 
650 0 |a Cultura  |9 269059 
650 0 |a Arqueología   |9 265619 
650 0 |a Antigüedades  |9 266390 
650 0 |a ceramica  |9 262882 
650 0 |a Alfarería  |9 341805 
650 7 |a OBJETOS ARQUEOLOGICOS  |2 CL-VaPUC  |9 344521 
651 7 |a CHILE  |2 CL-VaPUC  |9 433688 
583 |a last modification  |c 19990903 00:00:00  |k Rodrigo Vera 
490 0 |a Serie Patrimonio Cultural Chileno. Colección de Culturas Aborigenes 
999 |c 283111  |d 283109 
952 |0 0  |1 0  |4 0  |6 709_983000000000000_AMP_1978  |7 0  |8 A  |9 325906  |a BIBHIS  |b BIBHIS  |d 2019-11-20  |i 1368915  |o 709.983 AMP 1978  |p 1368915  |r 2025-01-20  |w 2019-11-20  |y BK  |k HIS